000 00304nam a22001337a 4500
008 170623b xxu||||| |||| 00| 0 eng d
020 _a0898626722
041 _aeng
080 _a93
100 _a21
101 _aSHH
245 _aVIOLENT DEATHS IN THE UNITED STATES
_cHOLINGER, P.C
942 _2udc
_cBK
999 _c19051
_d19051